|
|
|
|
| LEADER |
01307nam a2200241 a 4500 |
| 001 |
c000310719 |
| 003 |
CARM |
| 005 |
00000000000000.0 |
| 008 |
s1947 nyu 00000 eng d |
| 019 |
1 |
|
|a 5503081
|z 45906205
|5 LACONCORD2021
|
| 035 |
|
|
|a (OCoLC)4844652
|5 LACONCORD2021
|
| 082 |
0 |
4 |
|a 382.911
|2 20
|
| 245 |
0 |
4 |
|a The Restoration of international trade :
|b development of proposals before the United Nations : Text of Geneva draft charter for an international trade organization.
|
| 260 |
|
|
|a New York :
|b Carnegie Endowment for International Peace,
|c 1947.
|
| 300 |
|
|
|a p. 524-690 ;
|c 20 cm.
|
| 490 |
0 |
|
|a International conciliation ;
|v no. 434.
|
| 500 |
|
|
|a Draft charter prepared by Preparatory Committee of the United Nations Conference on Trade and Employment.
|
| 630 |
0 |
0 |
|a General Agreement on Tariffs and Trade
|d (1947)
|
| 710 |
2 |
0 |
|a Carnegie Endowment for International Peace.
|b Division of Intercourse and Education.
|
| 710 |
2 |
0 |
|a United Nations.
|b Economic and Social Council.
|b Preparatory Committee of the International Conference on Trade and Employment.
|
| 852 |
8 |
|
|b CARM
|h A3:AD19A0
|i A05482
|p 0472828
|f BK
|
| 999 |
f |
f |
|i af1c75e6-b564-57e3-ae88-cad13ac7e2d2
|s 898faa31-10b6-5b0f-85da-65a5780347a3
|
| 952 |
f |
f |
|p Can circulate
|a CAVAL
|b CAVAL
|c CAVAL
|d CARM 1 Store
|e A05482
|f A3:AD19A0
|h Other scheme
|i book
|m 0472828
|